| 000 | 00442cam a2200169 4500 | ||
|---|---|---|---|
| 001 | 45960 | ||
| 090 | _a45960 | ||
| 100 | _a19971211d1952 m y0pory5003 ba | ||
| 101 | 1 | _apor | |
| 102 | _aPT | ||
| 200 | 1 |
_aQuestões morais da vida matrimonial _ediscurso do Santo Padre _fPio XII |
|
| 210 | 9 |
_aLisboa _cUnião Gráfica, _dimp. 1952 |
|
| 215 | _a32 p. | ||
| 675 |
_a265.5 _vBN _zpor |
||
| 710 | 0 | 2 |
_aIgreja Católica. _bPapa, |
| 801 | 0 |
_aPT _bBN _gRPC |
|
| 990 | _cLIVROS | ||